000 00205nam a2200097Ia 4500
999 _c7291
_d7291
100 _aMeGovern, Kieran
245 0 _aStories from Greek Tragedies
260 _aUSA
_bOxford
_c1994
300 _a105
942 _cBK